Eniten ja vähiten tasa-arvoisimmat maat - Statistics

Yleistilastot
  • Tätä visaa on pelattu 67 kertaa
    38 viimeisimmän päivityksen jälkeen
  • Keskiarvotulos 11 / 20
Vastaustilastot
Sijoitus Indeksi Maa % Oikein
2 0,879 Norja
100%
3 0,863 Suomi
100%
1 0,9012 Islanti
97%
5 0,815 Ruotsi
97%
6 0,815 Saksa
90%
146 0.405 Afganistan
77%
143 0.575 Iran
77%
4 0,856 Uusi-Seelanti
67%
10 0,796 Belgia
63%
142 0.575 Pakistan
53%
140 0.612 Kongon demokraattinen tasavalta
50%
9 0,800 Liettua
40%
139 0.614 Oman
40%
144 0.573 Algeria
33%
141 0.605 Mali
30%
145 0.570 Tsad
27%
138 0.616 Benin
17%
8 0,802 Namibia
10%
7 0,811 Nicaragua
10%
137 0.617 Guinea
7%
Ehtoja vastaavia visoja ei löytynyt
Tulosjakauma
Jokaisen tuloksen saaneiden osuus
Persentiili vastausten määrän mukaan
Tuloshistoriasi
Et ole pelannut tätä visaa sen viimeisimmän päivityksen jälkeen